• 首页
  • 本馆介绍
  • 公告通知
  • 最新文献
  • 馆藏检索
  • 电子资源
  • 读者导购
  • 参考咨询
  • 我的图书馆
  • 登录
  • 详细信息显示
  • 放入我的书架
  • 预约/预借图书
  • 作者相关作品
  • 分类相关作品
  • 丛书相关作品
  • 出版社相关作品

书目信息

  • 表格格式
  • 工作单格式
  • 卡片格式
题名:
风化与凝聚
    
 
作者: 丁方 张谦
分册:  
出版信息: 北京   北京燕山出版社  1995
页数: 326页
开本: 19cm
丛书名:
单 册:
中图分类: J30
科图分类:
主题词: 雕塑理论
电子资源:
ISBN: 7-5402-0260-2
000 00581nam0 2200193 450
001 0728815141
005 20070819080015.14
010    @a7-5402-0260-2@d¥26.60
100    @a20070819d km y0chiy0120 ea
101 0  @achi
200 1  @a风化与凝聚@Afeng hua yu ning ju@e星座学术文丛@f丁方 张谦@Fding fang zhang qian
210    @a北京@c北京燕山出版社@d1995
215    @a326页@d19cm
517 1  @a星座学术文丛@Axing zuo xue shu wen cong
606 0  @a雕塑理论
690    @aJ30@v3
701  0 @a丁方 张谦@Ading fang zhang qian
801  0 @aCN@bPFT@c20070819
905    @a213230@dJ30@eZW131@f1
    
    风化与凝聚:星座学术文丛/丁方 张谦.-北京:北京燕山出版社,1995
    326页;19cm
    
    
    ISBN 7-5402-0260-2:¥26.60
    
●
相关链接 在E读中查询图书 在五车中查询图书 在当当中查询图书 在豆瓣中查询图书


正题名:风化与凝聚     索取号:J30/ZW131         预约/预借

序号 登录号 条形码 馆藏地/架位号 状态 备注
1 7614867   276148660   中文系资料室/ [索取号:J30/ZW131] 在馆    
唐山师范学院图书馆 欢迎您!
大连网信软件有限公司© 版权所有